000 00248nam a2200097Ia 4500
008 231207s9999 xx 000 0 und d
082 _a791.43
_bKUP
100 _aKupsc, Jarek
245 4 _aThe history of cinema for beginners
260 _bOrient Longman
999 _c20778
_d20778